NAME EVERY NORTH AMERICAN PRO SPORTS TEAM (MLB, NBA, NFL, NHL) - Statistics

General Stats
  • This quiz has been taken 216 times
  • The average score is 85 of 124
Answer Stats
Answer % Correct
Arizona Cardinals
87%
Sacramento Kings
87%
LA Kings
86%
St. Louis Cardinals
86%
Florida Panthers
82%
Minnesota Vikings
81%
Winnipeg Jets
81%
Carolina Panthers
80%
LA Lakers
79%
Las Vegas Raiders
79%
New York Giants
79%
New York Jets
79%
San Francisco Giants
79%
Chicago Bears
78%
Phoenix Suns
78%
Atlanta Falcons
77%
Detroit Lions
77%
Golden State Warriors
77%
Chicago Bulls
76%
Chicago White Sox
76%
Cincinnati Reds
76%
Colorado Avalanche
76%
Denver Broncos
76%
New York Yankees
76%
Atlanta Hawks
75%
Indiana Pacers
75%
Philadelphia 76ers
75%
Pittsburgh Steelers
75%
Dallas Cowboys
74%
Green Bay Packers
74%
LA Chargers
74%
LA Rams
74%
New Orleans Saints
74%
New York Rangers
74%
Oklahoma City Thunder
74%
San Francisco 49ers
74%
Utah Jazz
74%
Baltimore Ravens
73%
Boston Red Sox
73%
Buffalo Bills
73%
Chicago Cubs
73%
Cincinnati Bengals
73%
Indianapolis Colts
73%
Miami Dolphins
73%
New York Mets
73%
Philadelphia Eagles
73%
Tampa Bay Buccaneers
73%
Texas Rangers
73%
Brooklyn Nets
72%
Kansas City Chiefs
72%
LA Dodgers
72%
Miami Heat
72%
Tennessee Titans
72%
Arizona Coyotes
71%
Arizona Diamondbacks
71%
Atlanta Braves
71%
Cleveland Browns
71%
Houston Texans
71%
New England Patriots
71%
Denver Nuggets
70%
Toronto Blue Jays
70%
LA Clippers
69%
Milwaukee Bucks
69%
New York Knicks
69%
Toronto Maple Leafs
69%
Boston Celtics
68%
Detroit Pistons
68%
Minnesota Twins
68%
New Jersey Devils
68%
Boston Bruins
67%
Colorado Rockies
67%
Jacksonville Jaguars
67%
Minnesota Timberwolves
67%
New Orleans Pelicans
67%
Philadelphia Phillies
67%
Toronto Raptors
67%
Washington Commanders
67%
Baltimore Orioles
66%
Chicago Blackhawks
66%
Detroit Tigers
66%
Seattle Seahawks
66%
Pittsburgh Penguins
65%
Pittsburgh Pirates
65%
Vegas Golden Knights
65%
Detroit Red Wings
64%
Houston Astros
64%
Minnesota Wild
64%
St. Louis Blues
64%
Tampa Bay Devil Rays
64%
Dallas Mavericks
63%
LA Angels
63%
Miami Marlins
63%
Montreal Canadiens
63%
Orlando Magic
63%
Philadelphia Flyers
63%
Washington Wizards
63%
Cleveland Guardians
62%
Dallas Stars
62%
Edmonton Oilers
62%
Milwaukee Brewers
62%
Tampa Bay Lightning
62%
Anaheim Ducks
61%
Cleveland Cavaliers
61%
New York Islanders
61%
Seattle Mariners
60%
Kansas City Royals
59%
Seattle Kraken
58%
Houston Rockets
57%
Oakland A's
57%
San Antonio Spurs
57%
Washington Capitals
57%
Buffalo Sabres
56%
Nashville Predators
56%
Carolina Hurricanes
55%
Columbus Blue Jackets
55%
Ottawa Senators
55%
Portland Trailblazers
55%
Washington Nationals
55%
Charlotte Hornets
54%
San Jose Sharks
54%
Memphis Grizzlies
52%
San Diego Padres
52%
Vancouver Canucks
52%
Calgary Flames
51%
No matching quizzes found
Score Distribution
Percent of People with Each Score
Percentile by Number Answered
Your Score History
You have not taken this quiz